Hacia una educación global desde la transversalidad

সংরক্ষণ করুন:
গ্রন্থ-পঞ্জীর বিবরন
প্রধান লেখক: Yus Ramos, Rafael (Author)
বিন্যাস: গ্রন্থ
ভাষা:স্প্যানিশ
প্রকাশিত: Madrid Anaya 2000
সংস্করন:2a. ed
মালা:Hacer Reforma
বিষয়গুলি:
ট্যাগগুলো: ট্যাগ যুক্ত করুন
কোনো ট্যাগ নেই, প্রথমজন হিসাবে ট্যাগ করুন!

MARC

LEADER 00000nam a2200000 a 4500
001 UCO5903
003 CL-VaPUC
008 000922e20000000SP |||||||||||||||||spa|d
082 0 4 |a 370.114  |b YUS  |2 21 
100 0 |a Yus Ramos, Rafael  |e author  |9 450693 
245 1 0 |a Hacia una educación global desde la transversalidad 
250 |a 2a. ed 
300 |a 317 p 
942 |c BK 
945 |d 20000922 00:00:00  |a vberengu 
260 |a Madrid  |b Anaya  |c 2000 
650 0 |a Filosofía de la educación   |9 258384 
650 0 |a Globalización  |9 361930 
650 0 |a Reforma educacional   |9 256319 
650 0 |a Sociología de la educación   |9 260380 
583 |a last modification  |c 20000922 00:00:00  |k Rodrigo Vera 
490 0 |a Hacer Reforma 
999 |c 291723  |d 291721 
952 |0 0  |1 0  |4 0  |6 370_114000000000000_YUS_2000  |7 0  |8 A  |9 341866  |a BIBEDU  |b BIBEDU  |d 2019-11-20  |i 3648907  |o 370.114 YUS 2000  |p 3648907  |r 2019-11-20  |w 2019-11-20  |y BK  |k BME